• 首页
  • 本馆介绍
  • 公告通知
  • 最新文献
  • 馆藏检索
  • 电子资源
  • 读者导购
  • 参考咨询
  • 我的图书馆
  • 登录
  • 详细信息显示
  • 放入我的书架
  • 预约/预借图书
  • 作者相关作品
  • 分类相关作品
  • 丛书相关作品
  • 出版社相关作品

书目信息

  • 表格格式
  • 工作单格式
  • 卡片格式
题名:
隐私多楞镜
    
 
作者: 杨楚民 文 ;庄锡龙 绘
分册: 上  
出版信息: 深圳   海天出版社  1998
页数: 165页
开本: 20cm
丛书名: 画说世相
单 册:
中图分类: I266.3
科图分类:
主题词: 漫画--中国--现代--画册 , 漫画 , 散文--中国 , 散文--作品综合集--中国
电子资源:
ISBN: 7-80615-827-8
000 00972oam2 2200301 45
001 0120066006476
005 20070103143614.15
010    @a7-80615-827-8@dCNY16.00(上下)
092    @aCN@b496401
100    @a20060614d1998 em y0chiy0120 ea
101 0  @achi
102    @aCN@b440000
105    @aa t 000dy
200 1  @a隐私多楞镜@Ayin si duo leng jing@h上@f杨楚民文@Fyang chu min wen@g庄锡龙绘@Gzhuang xi long hui
210    @a深圳@c海天出版社@d1998
215    @a165页@d20cm
225 2  @a画说世相@e哲理小品漫画集@h第一辑
330    @a这是一辑语趣、情趣、理趣兼备的小品漫画集。全文以优美的文笔、生动的事例个独特的见解,谈天说地等。
461  0 @12001 @a画说世相
606 0  @a漫画@y中国@z现代@j画册
606 0  @a漫画
606 0  @a散文@x中国
606 0  @a散文@x作品综合集@x中国
690    @aI266.3@v4
701  0 @a杨楚民@Ayang chu min@4文
702  0 @a庄锡龙@Azhuang xi long@4绘
801  0 @aCN@bLZJBOOK@c20070103
905    @a10447@dI266.3@e1126:1(1)
    
    隐私多楞镜.上/杨楚民文/庄锡龙绘.-深圳:海天出版社,1998
    165页;20cm.-(画说世相:哲理小品漫画集.第一辑)
    
    
    ISBN 7-80615-827-8:CNY16.00(上下)
    这是一辑语趣、情趣、理趣兼备的小品漫画集。全文以优美的文笔、生动的事例个独特的见解,谈天说地等。
●
相关链接 在E读中查询图书 在五车中查询图书 在当当中查询图书 在豆瓣中查询图书


正题名:隐私多楞镜     索取号:I266.3/1126:1(1)         预约/预借

序号 登录号 条形码 馆藏地/架位号 状态 备注
1 0553441   205534411   第一样本阅览室/ [索取号:I266.3/1126:1(1)] 在馆    
2 0553442   205534420   第二借阅区/ [索取号:I266.3/1126:1(1)] 在馆    
3 0553443   205534439   第二借阅区/ [索取号:I266.3/1126:1(1)] 在馆    
4 0553444   205534448   第二借阅区/ [索取号:I266.3/1126:1(1)] 在馆    
5 0553445   205534457   第二借阅区/ [索取号:I266.3/1126:1(1)] 在馆    
6 0553446   205534466   第二借阅区/ [索取号:I266.3/1126:1(1)] 在馆    
7 0553447   205534475   第二借阅区/ [索取号:I266.3/1126:1(1)] 在馆    
8 0553448   205534484   第二借阅区/ [索取号:I266.3/1126:1(1)] 在馆    
唐山师范学院图书馆 欢迎您!
大连网信软件有限公司© 版权所有